Lo que Einstein le contó a su cocinero: nuevas respuestas a la ciencia gastronómica que le ayudarán a comprender la lógica de lo que cocina y lo que come
Сохранить в:
| Главный автор: | |
|---|---|
| Формат: | |
| Язык: | испанский |
| Опубликовано: |
Barcelona
Robibook
2003
|
| Серии: | Ciencia
|
| Предметы: | |
| Метки: |
Добавить метку
Нет меток, Требуется 1-ая метка записи!
|
MARC
| LEADER | 00000nam a2200000 a 4500 | ||
|---|---|---|---|
| 001 | UCI0840 | ||
| 003 | CL-VaPUC | ||
| 005 | 20241120143744.0 | ||
| 008 | 070601e20030000SP |||||||||||||||||spa|d | ||
| 999 | |c 325816 |d 325814 | ||
| 020 | |a 8496222004 | ||
| 040 | |c Pontificia Universidad Católica de Valparaíso | ||
| 082 | 0 | 4 | |a 501 |b WOL |2 21 |
| 100 | 0 | |a Wolke, Robert L |e author |9 520979 | |
| 245 | 1 | 0 | |a Lo que Einstein le contó a su cocinero: nuevas respuestas a la ciencia gastronómica que le ayudarán a comprender la lógica de lo que cocina y lo que come |
| 260 | |a Barcelona |b Robibook |c 2003 | ||
| 300 | |a 567 p | ||
| 490 | 0 | |a Ciencia | |
| 583 | |a last modification |c 20140404 10:45:14 |k Rodrigo Vera | ||
| 650 | 0 | |a Ciencia |9 894063 |x Miscelánea | |
| 942 | |c BK |2 ddc | ||
| 945 | |d 20070601 00:00:00 |a jtorresc | ||
| 952 | |0 0 |1 0 |4 0 |6 501_000000000000000_WOL_2003 |7 0 |8 A |9 407168 |a BIBCUR |b BIBCUR |d 2019-11-22 |i 4309049 |o 501 WOL 2003 |p 4309049 |r 2025-04-22 |w 2019-11-22 |y BK |k FIS | ||